000 00419nam a2200133Ia 4500
008 220217s9999||||xx |||||||||||||| ||und||
020 _a81-203-2031-X
082 _a005.13 ROH
100 _aRabila, Sanjeev Nathan, Senthil & Malbotra, Surabhi
_93620
245 0 _aMicrosoft ADO-NET: proffessional projects
260 _aPrentice hall of india
_bNew Delhi
_c2002
300 _b450
650 _aPROGRAMMING LANGUAGE
999 _c172287
_d172287